|
|
|
|
| LEADER |
00942nam a2200265 a 4500 |
| 001 |
13337460 |
| 008 |
110125r20052004njua 001 0 eng d |
| 010 |
|
|
|a 2003061022
|
| 020 |
|
|
|a 8120327659
|
| 020 |
|
|
|a 0130652482
|
| 040 |
|
|
|a DLC
|c DLC
|d DLC
|d BD-DhAAL
|
| 082 |
0 |
0 |
|a 518
|2 22
|
| 100 |
1 |
|
|a Mathews, John H.,
|d 1943-
|
| 245 |
1 |
0 |
|a Numerical methods using MATLAB /
|c John H. Mathews, Kurtis D. Fink.
|
| 250 |
|
|
|a 4th ed.
|
| 260 |
|
|
|a Upper Saddle River, N.J. :
|b Pearson
|c c2004 [reprinted 2005].
|
| 300 |
|
|
|a ix, 680 p. :
|b ill. ;
|c 24 cm.
|
| 500 |
|
|
|a Includes index.
|
| 541 |
1 |
|
|e 00013402
|
| 650 |
|
0 |
|a Numerical analysis
|x Data processing.
|
| 650 |
|
0 |
|a MATLAB.
|
| 700 |
1 |
|
|a Fink, Kurtis D.
|
| 852 |
|
|
|a Ayesha Abed Library
|c General Shelf.
|
| 999 |
|
|
|c 10397
|d 10397
|
| 952 |
|
|
|0 0
|1 0
|2 ddc
|4 0
|6 518_000000000000000_MAT
|7 0
|9 14213
|a BRACUL
|b BRACUL
|c GEN
|d 2011-01-26
|g 487.00
|l 10
|m 88
|o 518 MAT
|p 3010013402
|r 2025-05-25
|s 2025-03-18
|t 1
|w 2011-01-26
|y BK
|